المحاسبة الإدارية =Management accounting / (رقم التسجيلة. 26997)
[ عرض عادي ]
| 000 -الفاتح | |
|---|---|
| حقل البيانات ثابتة الطول | 00752nam a22002177a 4500 |
| 003 - محدد رقم الضبط | |
| رقم الضبط | OSt |
| 005 - وقت وتاريخ اخر تعامل مع التسجيلة | |
| رقم الضبط | 20150408114111.0 |
| 008 - عناصر البيانات ثابتة الطول - معلومات عامة | |
| حقل البيانات ثابتة الطول | 130126t2012 jo ||||| |||| 00| 0 ara d |
| 040 ## - مصدر الفهرسة | |
| وكالة الفهرسة الأصلية | MU |
| 082 04 - رقم تصنيف ديوى العشرى | |
| رقم الطبعة | 21 |
| رقم التصنيف | 658.1511 |
| رقم المادة | ن م م |
| 100 1# - المدخل الرئيسى - إسم شخصى | |
| الإسم الشخصى | أبو نصار، محمد |
| 9 (RLIN) | 19736 |
| 245 12 - بيان العنوان | |
| العنوان | المحاسبة الإدارية =Management accounting / |
| بيان المسئوليه,etc | تأليف محمد أبو نصار. |
| 246 31 - العنوان الموازى | |
| عنوان صحيح/عنوان مختصر | Management accounting |
| 250 ## - بيان الطبعة | |
| بيان الطبعة | ط. 3. |
| 260 ## - PUBLICATION, DISTRIBUTION, ETC. (IMPRINT) | |
| مكان الناشر او الموزع | عمان، الأردن : |
| اسم الناشر او الموزع | دار وائل، |
| تاريخ النشر أو التوزيع | 2012. |
| 300 ## - الوصف المادى | |
| التعداد | 533 ص. : |
| تفاصيل ماديه اخرى للوعاء | جداول ؛ |
| أبعاد الوعاء | 24 سم. |
| 500 ## - تبصرة عامة | |
| تبصرة عامة | قائمة مصطلحات : ص. 505-514. |
| 504 ## - تبصرة ببليوجرافية | |
| تبصرة ببليوجرافية,الخ | ببليوجرافية : ص. 503-504. |
| 650 #4 - المدخل الاضافى بالموضوع-مصطلح موضوعى | |
| مصطلح موضوعي أو اسم جغرافي كعنصر مدخل | المحاسبة الإدارية |
| 9 (RLIN) | 14988 |
| 942 ## - عناصر المدخل الإضافي( كوها) | |
| مصدر التصنيف او مخطط الترفيف | Dewey Decimal Classification |
| Koha [default] item type | DVD |
| حالة الفقد | نموذج السعر الفعال | حالة تلف | ليس للاعارة | رقم الطلب | رقم النسخة | تاريخ الاكتساب | الموقع الحالي | الباركود | الفرع الرئيسي | Date last seen | نوع المادة فى نظام كوها | مصدر التصنيف او خطة الترفيف | Total Checkouts | Date last checked out | مُعار |
|---|---|---|---|---|---|---|---|---|---|---|---|---|---|---|---|
| 2013-03-10 | 658.1511 ن م م | ن.1 | 2013-01-26 | المكتبة المركزية بالمجمعة (CL) | 00108125 | المكتبة المركزية بالمجمعة (CL) | 2013-03-10 | كتاب | Dewey Decimal Classification | ||||||
| 2013-03-10 | 658.1511 ن م م | ن.2 | 2013-01-26 | المكتبة المركزية بالمجمعة (CL) | 00108124 | المكتبة المركزية بالمجمعة (CL) | 2016-09-01 | كتاب | Dewey Decimal Classification | 1 | 2016-07-31 | ||||
| 2013-03-10 | 658.1511 ن م م | ن.3 | 2013-01-26 | المكتبة المركزية بالمجمعة (CL) | 00108123 | المكتبة المركزية بالمجمعة (CL) | 2014-04-21 | كتاب | Dewey Decimal Classification | 1 | 2014-04-21 | 2014-05-21 | |||
| 2013-03-10 | 658.1511 ن م م | ن.1 | 2013-01-26 | قسم الاجراءات الفنية (IC) | 00108122 | قسم الاجراءات الفنية (IC) | 2017-10-02 | كتاب | Dewey Decimal Classification | 3 | 2017-09-26 | ||||
| 2013-03-10 | 658.1511 ن م م | ن.2 | 2013-01-26 | قسم الاجراءات الفنية (IC) | 00108121 | قسم الاجراءات الفنية (IC) | 2013-03-10 | كتاب | Dewey Decimal Classification |
